A thousand miles up the Nile /

محفوظ في:

المؤلف الرئيسي: Edwards, Amelia B., 1831-1892 (مؤلف)

مؤلفون آخرون: Crewe, Quentin (كاتب المقدمة، إلخ.)

التنسيق: كتاب

اللغة: English

منشور في: London : Century, 1989.

الموضوعات:

الوسوم: إضافة وسم

لا توجد وسوم, كن أول من يضع وسما على هذه التسجيلة!

رقم الطلب: DT54 .E26 1989

LEADER 00891cam a22002651i 4500
005 20231228122028.0
008 820113s1989 enka b 000 0 eng
999 |c 55213  |d 55213 
020 |a 0712630295 
043 |a f-ua--- 
050 0 0 |a DT54  |b .E26 1989 
100 1 |a Edwards, Amelia B.,  |d 1831-1892,  |e author. 
245 1 2 |a A thousand miles up the Nile /  |c Amelia B. Edwards ; introduction by Quentin Crewe. 
264 1 |a London :  |b Century,  |c 1989. 
300 |a xxvii, 499 pages :  |b illustrations ;  |c 23 cm 
336 |2 rdacontent  |a text  |b txt 
337 |2 rdamedia  |a unmediated  |b n 
338 |2 rdacarrier  |a volume  |b n 
500 |a Illustrated by the author. 
500 |a First published in 1877. 
504 |a Includes bibliographical references. 
651 0 |a Nile River. 
651 0 |a Egypt  |x Description and travel. 
700 1 |a Crewe, Quentin,  |e author of introduction, etc. 
942 |2 lcc  |c BK